00901nam a2200241Ia 450000500170000000800390001702000180005608200160007410000370009024501340012725000220026126400380028330000260032133600270034733700330037433800280040749000300043550400270046565000440049265000490053665000390058504000350062420220317001546.0161108s2014 ck g 000 0 spa a978958762237904a362.1bM17g1 aMartínez Bermúdez, Rigoberto10aGestión del servicio humanizado en saludbcon visión multivariable y guías de mejoramientocRigoberto Martínez Bermúdez aPrimera edición aBogotábEdiciones de la Uc2014 a218 páginasc24 cm. atextobtxt2rdacontent asin mediaciónbn2rdamedia avolumenbnc2rdacarrier aAdministración en salud aIncluye bibliografía142LEMBaCalidad de los servicios de salud142LEMBaAdministración de servicios de salud142LEMBaAtención médica integral aCO-BoRNBPbspaerdacCO-BoRNBP